Last 30 chemical elements - Statistics

General Stats
  • This quiz has been taken 48 times
  • The average score is 22 of 30
Answer Stats
No. Symbol Answer % Correct
92 U Uranium
95%
95 Am Americium
86%
93 Np Neptunium
86%
102 No Nobelium
86%
104 Rf Rutherfordium
86%
98 Cf Californium
82%
99 Es Einsteinium
82%
94 Pu Plutonium
82%
106 Sg Seaborgium
82%
89 Ac Actinium
77%
97 Bk Berkelium
77%
105 Db Dubnium
77%
108 Hs Hassium
77%
103 Lr Lawrencium
77%
113 Nh Nihonium
77%
118 Og Oganesson
77%
90 Th Thorium
77%
96 Cm Curium
73%
100 Fm Fermium
73%
116 Lv Livermorium
73%
101 Md Mendelevium
73%
114 Fl Flerovium
68%
109 Mt Meitnerium
68%
117 Ts Tennessine
68%
107 Bh Bohrium
64%
115 Mc Moscovium
64%
112 Cn Copernicium
59%
110 Ds Darmstadtium
59%
91 Pa Protactinium
59%
111 Rg Roentgenium
50%
No matching quizzes found
Score Distribution
Percent of People with Each Score
Percentile by Number Answered
Your Score History
You have not taken this quiz